Class concerns : adult education and social class /

Bibliographic Details
Other Authors: Nesbit, Tom, 1948-
Format: Book
Language:English
Published: San Francisco : Jossey-Bass, [2005]
Series:New directions for adult and continuing education. no. 106.
Subjects:

MARC

Tag First Indicator Second Indicator Subfields
LEADER 00000cam a2200000Ia 4500
001 in00002094613
005 20151102143156.0
008 050304s2005 cau b 001 0 eng d
020 |a 0787981281 
035 |a (OCoLC)ocm60565836 
040 |a PZZ  |c PZZ  |d LMR  |d OKU  |d ABC  |d IQU  |d TXA  |d UtOrBLW 
049 |a TXAM 
050 4 |a LC5219  |b .C53 2005 
082 0 4 |a 374 
245 0 0 |a Class concerns :  |b adult education and social class /  |c Tom Nesbit, editor. 
264 1 |a San Francisco :  |b Jossey-Bass,  |c [2005] 
264 4 |c ©2005 
300 |a 98 pages ;  |c 23 cm. 
336 |a text  |b txt  |2 rdacontent 
337 |a unmediated  |b n  |2 rdamedia 
338 |a volume  |b nc  |2 rdacarrier 
490 1 |a New directions for adult and continuing education,  |x 1052-2891 ;  |v no. 106 
500 |a "Summer 2005". 
500 |a Published in association with ACE. 
504 |a Includes bibliographical references and index. 
505 0 0 |t Editor's notes /  |r Tom Nesbit --  |t Social class and adult education /  |r Tom Nesbit --  |t Social class and adult education policy /  |r Kjell Rubenson --  |t Learning, literacy, and identity /  |r Lyn Tett --  |t Educational institutions : supporting working-class learning /  |r Griff Foley --  |t Class in the classroom /  |r Janice Malcolm --  |t Social movements, class, and adult education /  |r Shirley Walters --  |t Class and gender /  |r Mechthild Hart --  |t Class and race /  |r Shahrzad Mojab --  |g The  |t Continued relevance of class /  |r Tom Nesbit. 
650 0 |a Adult education  |x Social aspects. 
650 0 |a Adult education  |x Economic aspects. 
650 0 |a Educational equalization. 
650 0 |a Social classes. 
700 1 |a Nesbit, Tom,  |d 1948- 
830 0 |a New directions for adult and continuing education.  |x 1052-2891 ;  |v no. 106. 
994 |a C0  |b TXA 
948 |a cataloged  |b h  |c 2006/5/30  |d c  |e jlanham  |f 2:38:21 pm 
999 |a MARS 
999 f f |s d09b5962-20da-3584-b00c-818e70d2252a  |i 8f71aeb7-7fb6-3523-8ce1-85d7d71dad04  |t 0 
952 f f |p normal  |a Texas A&M University  |b College Station  |c Sterling C. Evans Library  |d Evans: Library Stacks  |t 0  |e LC5219 .C53 2005  |h Library of Congress classification  |i unmediated -- volume  |m A14834443813 
998 f f |a LC5219 .C53 2005  |t 0  |l Evans: Library Stacks